[Event "Lidums Checkmate Op"]
[Site "Adelaide"]
[Date "2007.07.08"]
[Round "5.14"]
[White "Mdinaradze, Edgar"]
[Black "Goldsmith, Alan D"]
[Result "1-0"]
[Annotator "Fritz 10"]
[BlackElo "2081"]
[EventCountry "AUS"]
[EventDate "2007.07.07"]
[EventRounds "7"]
[EventType "swiss"]
[PlyCount "75"]
[WhiteElo "1896"]

{ A13: English Opening: 1...e6 } 1. d4 Nf6 2. c4 c5 3. e3 e6 4. Nf3 d5 5. cxd5
exd5 6. b3 Nc6 7. Bb2 cxd4 ( 7... Bg4 8. Be2 Bxf3 9. Bxf3 cxd4 10. Bxd4 Nxd4
11. Qxd4 Qa5+ 12. Ke2 Rc8 13. Rd1 Be7 14. a3 O-O 15. Ra2 Rfd8 16. b4 Qc7 17. g3
a5 18. bxa5 Qxa5 19. Kf1 Bc5 20. Qd2 Qa6+ 21. Qe2 Qe6 22. Rad2 { Katishonok,N 
( 2265 ) -Berzinsh,R  ( 2395 ) /Riga 1993/CBM 035 ext/1/2-1/2  ( 44 )}  )8.
Nxd4 Bb4+ 9. Bc3 { Black has a very active position}  9... Ne4 $146 ( 9... Bd6
10. Bb5 Bd7 11. O-O O-O 12. Nf3 Bg4 13. Be2 Qe7 14. Nbd2 Rad8 15. Qc2 Bb8 16.
Rfe1 Rfe8 17. Qb2 Ne4 18. Bxg7 Nxd2 19. Nxd2 Bxe2 20. Rxe2 d4 21. Nf3 Kxg7 {
0-1 Papadimitropoulos,T  ( 1658 ) -Georgiadis,I  ( 2312 ) /Litohoro 2006/CBM
113 ext}  )( 9... Qa5 10. Qd2 Bxc3 11. Nxc3 O-O 12. Be2 Nxd4 13. Qxd4 Ne4 14.
b4 Qa3 15. Nxd5 Be6 16. O-O Bxd5 17. Qxd5 Nc3 18. Qf3 Nxe2+ 19. Qxe2 Qxb4 20.
Rab1 Qe7 21. h3 Rac8 22. Rfd1 b6 23. Qb5 Rc5 24. Qd7 { Abhratanu,D-Ghader
Pour,S  ( 2025 ) /Calcutta 2004/CBM 103 ext/1/2-1/2  ( 45 )}  )( 9... O-O 10.
Bxb4 Nxb4 11. a3 $11 )10. Bxb4 $11 Nxb4 11. Bb5+ Bd7 12. O-O Bxb5 13. Nxb5 Rc8
( 13... O-O 14. a3 Nc6 15. N1c3 $15 )14. Nd2 ( 14. Nxa7 Rc7 15. Nb5 Rd7 $16
)14... Nd3 ( 14... O-O $5 $14 $142 { is worth looking at} )15. Nxe4 $16 dxe4
16. Qg4 O-O 17. Qxe4 Nc5 18. Qf3 Rc6 19. Rfd1 Qb6 20. Nd4 Rf6 21. Qh3 ( 21. Qg4
$5 Rg6 22. Qh4 Rf6 $18 )21... Ne4 $16 22. Nf3 Re8 ( 22... Qc5 23. Rd4 Qc2 24.
Rf1 $16 )23. Rd3 ( 23. Qd7 Kf8 24. Rac1 Qa6 $18 )23... g5 ( 23... Qa6 24. Rd4
Rfe6 25. a4 $16 )24. Rc1 Kg7 25. Rc4 ( 25. Rdd1 $18 $142)25... Rf4 $2 ( 25...
Rd8 $5 $142 { should be considered}  26. Rxd8 Qxd8 $14 )26. Qd7 ( 26. Rxe4 $5
$142 Rfxe4 27. Nxg5 Qg6 28. Nxe4 Qxe4 29. Qg3+ Qg6 $18 )26... Nf6 27. Qd6 ( 27.
Qa4 Rf5 28. Qa3 g4 $18 )27... Rxc4 $16 28. bxc4 Qa5 ( 28... Qb1+ 29. Rd1 Qxa2
30. Qd3 $16 )29. h3 ( 29. Ra3 $5 $142 Qf5 30. Qd1 $18 )29... Qxa2 $14 30. Rd4 (
30. Nxg5 $142 { and White can hope to survive}  30... Qxc4 31. Rd4 $16 )30...
Ne4 $17 31. Rxe4 Qb1+ 32. Kh2 Qxe4 ( { Not } 32... Rxe4 33. Nxg5 h6 34. Nxe4
Qxe4 35. Qb4 $16 )33. Qc5 g4 34. hxg4 Qxg4 35. Qxa7 Qh5+ ( 35... Qe4 36. Qb6
$15 )36. Kg1 $11 Rd8 { Black has a mate threat}  37. Nd4 Rd6 38. Qa1 ( 38. Qa1
Qe5 39. Qb2 $11 ) 1-0

[Event "Lidums Checkmate Op"]
[Site "Adelaide"]
[Date "2007.07.08"]
[Round "5.15"]
[White "Hacche, David J"]
[Black "Garcia-Blanco, Miguel"]
[Result "1-0"]
[Annotator "Fritz 10"]
[BlackElo "1699"]
[EventCountry "AUS"]
[EventDate "2007.07.07"]
[EventRounds "7"]
[EventType "swiss"]
[PlyCount "57"]
[WhiteElo "2036"]

{ D12: Slav Defence: 3 Nf3 Nf6 4 e3 Bf5 } 1. d4 d5 2. c4 c6 3. Nc3 Nf6 4. e3 Bf5
5. Nf3 e6 6. h3 Nbd7 7. Nh4 ( 7. cxd5 exd5 8. Bd3 Bg6 9. O-O Bd6 10. Nh4 Bxd3
11. Qxd3 O-O 12. Nf5 Bb8 13. e4 dxe4 14. Nxe4 Nxe4 15. Qxe4 Nf6 16. Qh4 Nd5 17.
Qg4 g6 18. Bh6 Re8 19. Rae1 Bc7 20. g3 Qd7 21. Ne3 Qxg4 { Lodhi,M  ( 2395 )
-Ramesh,R  ( 2506 ) /Chennai 2004/CBM 098 ext/1-0  ( 66 )}  )7... Qc7 $146 (
7... Be4 8. Nf3 ( 8. Nxe4 dxe4 9. g3 g5 10. Ng2 Rg8 11. Be2 Bb4+ 12. Bd2 Qa5
13. a3 Bxd2+ 14. Qxd2 Qxd2+ 15. Kxd2 e5 16. b4 O-O-O 17. Rhd1 Nf8 18. Kc3 Ng6
19. Ra2 exd4+ 20. Rxd4 Rxd4 21. Kxd4 Kc7 22. Kc3 { 1/2-1/2
Yeremenko,A-Ovsiannikov,I  ( 2312 ) /Kharkov 2002/CBM 086 ext}  )8... Bg6 9.
cxd5 exd5 10. Bd3 Bd6 11. Bxg6 hxg6 12. Bd2 Ne4 13. Qc2 Ndf6 14. Rf1 Qe7 15.
O-O-O O-O 16. Kb1 Rfd8 17. Qb3 Rab8 18. Ne2 b6 19. Bc3 c5 20. Nf4 c4 21. Qc2 b5
22. Ba5 { Bronzey,A-Ostapenko,A/Kiev 2005/CBM 107 ext/0-1  ( 32 )}  )( 7... Be4
$11 $142 { would allow Black to play on} )8. Nxf5 $16 exf5 9. Bd2 Be7 ( 9... f4
$5 10. cxd5 fxe3 11. Bxe3 cxd5 $16 )10. cxd5 Ne4 ( 10... c5 $5 $16 $142)11.
Nxe4 $18 fxe4 12. Rc1 Nf6 13. dxc6 b6 ( 13... O-O 14. Qa4 $18 )14. Qb3 ( 14. g4
{ keeps an even firmer grip}  14... h6 $18 )14... a5 ( 14... O-O 15. Be2 $18
)15. Bc4 O-O 16. Qb5 Rfd8 17. O-O Rd6 18. Qe5 ( 18. f3 $142 { and White can
already relax}  18... exf3 19. Rxf3 Rc8 $18 )18... Rad8 ( 18... Bf8 $18)19. b4
Bf8 20. bxa5 Qc8 ( 20... Ra8 { no good, but what else?}  21. Bb4 bxa5 22. Bxd6
Bxd6 $18 )21. axb6 Ng4 ( 21... Rxc6 { there is nothing better in the position} 
22. Qb5 Rxc4 23. Rxc4 Qb8 $18 )22. hxg4 Qxg4 23. Qf4 ( 23. f3 Qh4 24. b7 Rxc6
25. Bxf7+ Kxf7 26. Rxc6 Kg8 27. Rc8 Qf6 28. Qxf6 gxf6 29. Rxd8 Kf7 30. b8=Q h6
31. Rxf8+ Kg7 32. Qc7+ Kxf8 33. Rb1 exf3 34. Rb8# )23... Qh5 24. Qxf7+ $1 {
doomsday}  24... Qxf7 25. Bxf7+ Kxf7 26. c7 Re8 27. b7 { White prepares the
advance c8}  27... Rh6 28. c8=Q Bd6 29. g3 ( 29. g3 Rf6 30. Bb4 h6 31. Bxd6 Rd8
32. Rc7+ Kg8 33. Qxd8+ Kh7 34. Qxf6 h5 35. Qxg7# ) 1-0

[Event "Lidums Checkmate Op"]
[Site "Adelaide"]
[Date "2007.07.08"]
[Round "5.16"]
[White "Peake, Michael"]
[Black "Saint, Andrew"]
[Result "0-1"]
[Annotator "Fritz 10"]
[BlackElo "1934"]
[EventCountry "AUS"]
[EventDate "2007.07.07"]
[EventRounds "7"]
[EventType "swiss"]
[PlyCount "46"]
[WhiteElo "1774"]

{ B01: Scandinavian Defence } 1. e4 d5 2. exd5 Nf6 3. Nf3 Bg4 4. Be2 Qxd5 5. O-O
Nc6 6. c3 O-O-O 7. d4 h6 $146 { Covers g5}  ( 7... e5 8. c4 Qd7 9. d5 Bxf3 10.
Bxf3 Nd4 11. Nc3 Qf5 12. Be2 ( 12. Be3 Nxf3+ 13. Qxf3 Qxf3 14. gxf3 Nd7 15.
Rfd1 g5 16. Rab1 Bb4 17. Ne2 f5 18. a3 Be7 19. b4 Nb6 20. Bxb6 axb6 21. Ng3
Rhf8 22. Rd3 Rf7 23. Re1 Bd6 24. Rc1 h6 25. c5 bxc5 26. bxc5 e4 { Arencibia,W 
( 2485 ) -Sariego,W  ( 2420 ) /Matanzas 1995/CBM 047 ext/1/2-1/2  ( 31 )} 
)12... Bc5 13. Be3 Kb8 14. Nb5 c6 15. Nxd4 exd4 16. Bxd4 Bxd4 17. Qxd4 cxd5 18.
Bf3 g5 19. Rfd1 dxc4 20. Qxc4 g4 21. Be2 Ne4 22. f3 { Schild,C  ( 2115 )
-Liardet,F  ( 2290 ) /Geneve 1995/CBM 046 ext/1/2-1/2}  )( 7... Qh5 8. h3 e5 9.
hxg4 Nxg4 10. d5 e4 11. Bf4 Bd6 12. Nh2 f5 13. Bxg4 fxg4 14. Bxd6 { 1-0 Gallego
Eraso,P  ( 2375 ) -Del Rio Angelis,S  ( 2514 ) /Andorra la Vella 2006/CBM 113
ext}  )( 7... e6 8. Bf4 h5 9. Nbd2 Be7 10. Qc2 Rdg8 11. b4 g5 12. Bc4 Qd8 13.
Be5 Bf5 14. Bd3 g4 15. Ne1 Nxe5 16. Bxf5 Ng6 17. Bxg6 Rxg6 18. Nd3 { 1/2-1/2
Kania,A  ( 2275 ) -Gabrielsen,S  ( 2175 ) /Copenhagen 1996/CBM 054 ext}  )(
7... e5 8. c4 Qd7 9. d5 Bxf3 10. Bxf3 $11 )8. Qb3 ( 8. Nbd2 e6 $14 )8... Qh5 (
8... e5 9. c4 Qa5 10. d5 Bxf3 11. Qxf3 $11 )9. Bf4 ( 9. Re1 Qg6 $14 )9... Nd5
10. Bg3 e6 ( 10... e5 11. dxe5 Nxe5 12. Bxe5 Bxf3 13. Bxf3 Qxe5 14. Nd2 $14
)11. Nbd2 Bd6 12. Ne4 Bxg3 ( 12... Be7 $5 $142 { is an interesting alternative}
 13. Rae1 f5 $14 )13. fxg3 $16 ( 13. Nxg3 $6 Qg6 $11 )13... Nb6 14. Nc5 ( 14.
h3 Qd5 15. Nc5 Bh5 $18 )14... e5 { Black threatens to win material: e5xd4}  15.
Bc4 $4 { White is ruining his position}  ( 15. Qa3 $142 exd4 16. Ba6 Bxf3 17.
Nxb7 $14 )15... exd4 $19 16. cxd4 ( 16. Nxb7 Kxb7 17. Nxd4 $19 )16... Nxd4 17.
Qa3 ( 17. Nxd4 { doesn't do any good}  17... Qxc5 18. Bxf7 Rxd4 $19 )17... Nc2
( 17... Nxf3+ 18. gxf3 Rd2 $19 ( 18... Nxc4 $4 { Black cannot capture the
bishop}  19. Qxa7 Qxc5+ 20. Qxc5 $18 ))18. Qa5 Nxa1 ( 18... Kb8 $142 { makes it
even easier for Black}  19. Rac1 Nxc4 $19 )19. b4 $4 { the position was bad,
and this mistake simply hastens the end}  ( 19. Ba6 Kb8 20. Bxb7 $19 )19...
Bxf3 ( 19... Nxc4 $4 { the bishop mustn't be touched}  20. Qxa7 Qxc5+ 21. bxc5
$18 )20. gxf3 ( 20. Rxf3 { what else?}  20... Rd1+ 21. Bf1 $19 )20... Rd2 (
20... Nxc4 $4 { capturing the bishop loses}  21. Qxa7 Qxc5+ 22. bxc5 $18 )21.
h4 Qe5 ( 21... Nxc4 $6 { is impossible}  22. Qxa7 Nb6 23. Qxb7+ Kd8 24. Qb8+
Nc8 25. Nb7+ Kd7 26. Nc5+ Kd6 27. Ne4+ Ke6 28. Nxd2 $17 )22. Ne4 Qxa5 ( 22...
Qd4+ $5 $142 { seems even better}  23. Kh1 Nxc4 24. Qf5+ Kb8 25. Nxd2 Nxd2 26.
Rd1 $19 )23. bxa5 Nxc4 ( 23... Nxc4 24. Nxd2 Nxd2 25. Rxa1 Nxf3+ 26. Kg2 Ne5
$19 ) 0-1

[Event "Lidums Checkmate Op"]
[Site "Adelaide"]
[Date "2007.07.08"]
[Round "5.17"]
[White "Ajith, Chol Solomon"]
[Black "Lin, Zhigen Wilson"]
[Result "0-1"]
[Annotator "Fritz 10"]
[BlackElo "2097"]
[EventCountry "AUS"]
[EventDate "2007.07.07"]
[EventRounds "7"]
[EventType "swiss"]
[PlyCount "74"]
[WhiteElo "1430"]

{ C00: French: Unusual White 2nd moves } 1. e4 e6 2. Bc4 d5 3. exd5 exd5 4. Bb3
c6 ( 4... Nf6 5. Ne2 Bd6 6. h3 O-O 7. O-O c6 8. d4 Qc7 9. Qd3 Re8 10. Ng3 Nbd7
11. Nc3 a5 12. a4 b6 13. Qf3 Ba6 14. Rd1 Nf8 15. Bg5 Bxg3 16. Bxf6 Bf4 17. Qg4
Ng6 18. Bg5 Re6 19. Re1 { Malesevic,N-Cifka,S  ( 2302 ) /Obrenovac 2004/CBM 101
ext/0-1}  )( 4... c5 5. d4 c4 6. Ba4+ Bd7 7. c3 b5 8. Bc2 Bd6 9. Nf3 Nf6 10.
O-O O-O 11. Ne5 Be6 12. f4 Ne4 13. Nd2 f6 14. Nxe4 fxe5 15. Nxd6 Qxd6 16. fxe5
Qe7 17. Rxf8+ Qxf8 18. Qh5 g6 19. Bxg6 { Bockelmann,F  ( 1657 ) -Brockmann,W  (
1537 ) /Kiel 2006/CBM 113 ext/1-0}  )5. d4 Bd6 6. Nf3 Bg4 7. Be3 $146 ( 7. h3
Bh5 8. O-O Ne7 9. Re1 O-O 10. Qd3 Nd7 11. Nbd2 Bg6 12. Qf1 c5 13. c4 cxd4 14.
Nxd4 Nc5 15. Nb5 Bd3 16. Re2 Nxb3 17. axb3 Nf5 18. Nf3 dxc4 19. Qd1 Bxe2 20.
Qxe2 Re8 21. Qxc4 Rc8 { Audigier,R  ( 1140 )  -Belz,F  ( 1800 ) /Montigny le
Bretonneux 2003/CBM 097 ext/0-1  ( 38 )}  )7... Ne7 8. Nc3 Nd7 ( 8... O-O 9. h3
Bd7 10. O-O $15 )9. h3 { White threatens to win material: h3xg4}  9... Bh5 10.
Qd2 Bxf3 11. gxf3 { White has the pair of bishops}  11... Qc7 12. O-O-O { White
castles and improves king safety}  12... O-O-O 13. Kb1 Nf5 14. Qd3 g6 ( {
Instead of } 14... Nxe3 15. fxe3 Nb6 16. e4 $14 )15. Na4 Kb8 ( { Inferior is }
15... Nxe3 16. fxe3 f5 17. e4 $14 )16. c4 $2 ( 16. h4 $15 $142 { and White is
still in the game} )16... dxc4 $19 17. Bxc4 b5 18. Bxb5 cxb5 19. Qxb5+ Qb7 20.
Qd3 ( 20. Nc3 Nb6 $19 ( 20... Nxe3 $6 21. fxe3 Qxb5 22. Nxb5 $17 ))20... Nb6
21. Nc3 ( 21. Nxb6 Qxb6 22. d5 Nxe3 23. fxe3 Rc8 $19 )21... Rc8 ( 21... Qxf3
22. Bg5 Qxd3+ 23. Rxd3 $19 )22. Ne4 Nc4 23. Bc1 $4 { the pressure is too much,
White crumbles}  ( 23. Qb3 $19)23... Na3+ 24. Ka1 Nxd4 $1 { Decoy: d4.}  25.
Rd2 ( 25. Qxd4 Nc2+ { Double attack}  ( 25... Nc2+ { Decoy} ))25... Ndc2+ 26.
Rxc2 Nxc2+ 27. Kb1 Be5 28. Nd6 ( 28. Rd1 { doesn't change anything anymore} 
28... Rc6 29. Qb3 Qxb3 30. axb3 Rhc8 $19 )28... Rhd8 ( 28... Nb4 { might be the
shorter path}  29. Qd2 Bxd6 30. Qxd6+ Ka8 31. Qd4 Qxf3 32. Re1 Qd3+ 33. Qxd3
Nxd3 34. Rd1 Rxc1+ 35. Rxc1 Nxc1 36. Kxc1 $19 )29. Nxb7 ( 29. Qxc2 { is no
salvation}  29... Rxd6 30. Qe2 f6 $19 )29... Rxd3 30. Na5 Nd4 ( 30... Rxf3 $142
{ seems even better}  31. Rf1 Nb4 $19 )31. Re1 ( 31. f4 { desperation}  31...
Bf6 32. Be3 $19 )31... Nxf3 32. Re4 Rd1 33. Rb4+ Ka8 34. Nc4 Nd2+ ( 34... Bf4
35. a3 Rxc1+ 36. Ka2 R8xc4 37. Rxc4 Rxc4 38. a4 Nd2 39. Ka3 Bd6+ 40. b4 a5 41.
Kb2 Be5+ 42. Ka2 axb4 43. a5 Rc2# )35. Kc2 Rxc1+ $1 { Double attack: b4/c1} 
36. Kxc1 Rxc4+ ( 36... Nxc4 $142 { and Black wins}  37. Kc2 Nxb2+ 38. Kb3 $19
)37. Rxc4 Nxc4  0-1

[Event "Lidums Checkmate Op"]
[Site "Adelaide"]
[Date "2007.07.08"]
[Round "5.18"]
[White "Voon, Richard"]
[Black "Cloudsdale, Colin"]
[Result "0-1"]
[Annotator "Fritz 10"]
[BlackElo "1929"]
[EventCountry "AUS"]
[EventDate "2007.07.07"]
[EventRounds "7"]
[EventType "swiss"]
[PlyCount "82"]
[WhiteElo "1903"]

{ A29: English Opening: Four Knights Variation with 4 g3 } 1. c4 Nf6 2. Nc3 e5
3. Nf3 Nc6 4. g3 d6 5. Bg2 g6 6. d4 exd4 7. Nxd4 Bd7 8. O-O Bg7 9. h3 $146 {
Consolidates g4}  ( 9. Nc2 O-O 10. b3 Qc8 11. Bb2 Bh3 12. Ne3 Re8 13. Qd2 Bh6
14. f4 Bg7 15. Ncd5 Bxg2 16. Bxf6 Bxd5 17. Nxd5 Re6 18. Bxg7 Kxg7 19. Qc3+ f6
20. f5 Re5 21. fxg6 Qg4 22. e3 Rf8 23. gxh7 Qg5 { Momeni,E  ( 2190 ) -Guliev,L 
( 2374 ) /Teheran 2006/CBM 110 ext/1-0  ( 38 )}  )( 9. b3 O-O 10. Bb2 a6 11. h3
Re8 12. Nc2 h5 13. Ne3 Rb8 14. Qd2 b5 15. cxb5 axb5 16. Ncd5 Ne4 17. Qc2 f5 18.
Rac1 Nd4 19. Bxd4 Bxd4 20. Qxc7 Nxg3 21. fxg3 Rxe3 22. Nxe3 Bxe3+ 23. Kh2 Bxc1
{ Petursson,M  ( 2550 ) -Olafsson,H  ( 2535 ) /Reykjavik 1994/CBM 040
ext/1/2-1/2  ( 50 )}  )9... O-O 10. Be3 Re8 11. Qd2 Rb8 12. Rfe1 a6 { Prevents
intrusion on b5}  13. a4 ( 13. Red1 Qe7 $14 )13... Nh5 ( 13... Na5 $5 $142 14.
Bg5 Nxc4 $17 )14. Nxc6 Bxc6 ( 14... bxc6 $5 15. Rad1 a5 $11 )15. Nd5 $14 Qd7
16. Kh2 ( 16. Bd4 $5 $16)16... Nf6 $14 17. b3 ( 17. Bd4 $5 $142 { might be a
viable alternative}  17... Bxd5 18. cxd5 $14 )17... Ne4 { Black threatens to
win material: Ne4xd2}  18. Qc1 ( 18. Bxe4 Rxe4 ( 18... Bxa1 $4 { simply loses} 
19. Rxa1 Bxd5 20. Bxd5 $18 )19. f3 Rxe3 20. Qxe3 Re8 $11 )18... Bxd5 19. cxd5
Bxa1 20. Qxa1 { Black wins the exchange}  20... Qe7 21. Rc1 Rbc8 22. Rc4 f5 23.
Qc1 ( 23. Rb4 c5 24. dxc6 Rxc6 $15 )23... Qd7 ( 23... Qe5 24. Bd4 Qxd5 25. Ba1
$19 )24. Bh6 ( 24. Rb4 $5 { should not be overlooked}  24... c6 25. dxc6 Rxc6
26. Qd1 $15 )24... Nxf2 25. e3 $2 ( 25. Rf4 $142 Ne4 26. g4 $17 )25... Ne4 26.
h4 ( 26. g4 Qf7 $19 )26... c6 27. Qd1 ( 27. dxc6 { is not much help}  27...
Rxc6 28. Rxc6 Qxc6 $19 )27... c5 28. Qc2 ( 28. h5 { does not improve anything} 
28... b5 29. axb5 axb5 $19 )28... Qe7 ( 28... Nf6 $5 $142 { keeps an even
firmer grip}  29. Bf3 b5 30. Rc3 $19 )29. Bxe4 fxe4 30. Qc3 ( 30. a5 { does not
solve anything}  30... Qe5 31. Qd2 Qh5 $19 )30... Qe5 ( 30... Qf7 $5 $142 {
makes it even easier for Black}  31. Qb2 $19 )31. Qd2 b5 32. axb5 axb5 33. Rc2
Re7 ( 33... Ra8 $142 { and Black can already relax}  34. Bf4 Qe7 35. Qc1 $19
)34. Bf4 Qf5 35. Bxd6 Rd7 36. Bxc5 Rxd5 37. Bd4 Rxc2 ( 37... Rdd8 38. Ra2 $19
)38. Qxc2 Rd8 39. b4 $2 ( 39. Qc7 $142 Rd7 40. Qc8+ Kf7 41. Qc6 $19 )39... Rf8
40. Qc7 ( 40. Qa2+ { is still a small chance}  40... Qf7 41. Qg2 $19 )40...
Qf2+ 41. Kh3 Qf1+ ( 41... Qf1+ 42. Kh2 Rf2# ) 0-1

[Event "Lidums Checkmate Op"]
[Site "Adelaide"]
[Date "2007.07.08"]
[Round "5.19"]
[White "Szuveges, Narelle"]
[Black "Dizdarevic, Mehmedalija"]
[Result "1-0"]
[Annotator "Fritz 10"]
[BlackElo "1956"]
[EventCountry "AUS"]
[EventDate "2007.07.07"]
[EventRounds "7"]
[EventType "swiss"]
[PlyCount "86"]
[WhiteElo "1702"]

{ A59: Benko/Volga Gambit: White castles by hand } 1. d4 Nf6 2. c4 c5 3. d5 b5
4. cxb5 a6 5. bxa6 Bxa6 6. Nc3 g6 7. e4 Bxf1 8. Kxf1 d6 9. Nf3 Bg7 10. g3 O-O
11. Kg2 Nbd7 12. h3 Qa5 13. Re1 Ne8 ( 13... Ra7 14. Bd2 Rb8 15. a4 Rab7 16. Nb5
Qa6 17. Bc3 Ne8 18. Bxg7 Kxg7 19. b4 cxb4 20. Nfd4 Nc5 21. Nc6 Ra8 22. Nxb4 Qb6
23. Nc6 e5 24. Qc2 f6 25. Rab1 Qa6 26. Nxd6 Nxd6 27. Qxc5 Rxb1 28. Rxb1 {
Shishkin,V  ( 2507 ) -Dolzhikova,K  ( 2248 ) /Kiev 2005/CBM 107 ext/1-0  ( 31
)}  )14. Re2 $146 ( 14. Bg5 Bxc3 ( 14... f6 15. Bf4 Nc7 16. Qc2 Rfb8 17. Rab1
Nb5 18. Nxb5 Rxb5 19. a3 Rab8 20. Bd2 Qa7 21. b4 cxb4 22. axb4 Qb7 23. Nd4 Rc8
24. Qa4 Rb6 25. Nc6 Kf8 26. Rbc1 Ra8 27. Qc2 Rba6 28. Na5 Qb5 29. Qc4 {
Cedikova,K  ( 2135 ) -Slepankova,R  ( 2070 ) /Klatovy 1998/CBM 065 ext/1-0  (
40 )}  )15. bxc3 f6 16. Bh6 Ng7 17. Qd3 Rfb8 18. Re2 Qb5 19. c4 Qa4 20. Rc1 Rb4
21. Rc3 Qa6 22. a3 Rb7 23. h4 Rab8 24. Bc1 Qa4 25. Qc2 Nb6 26. Qd3 Nd7 27. Rec2
Kf7 28. Qe2 Qa5 { Stelzer,H-Zimmermann,F  ( 2235 ) /Germany 1989/GER-chT2/0-1 
( 63 )}  )( 14. Qc2 Nc7 15. Bf4 Rfb8 16. e5 Nb5 17. Nxb5 Rxb5 18. a4 Rb7 19. b3
Qc7 20. exd6 exd6 21. Rab1 Nf6 22. Qd3 Rab8 23. Nd2 Nh5 24. Be3 Rb4 25. Nc4 Nf6
26. Bd2 R4b7 27. Na5 Rb6 28. Nc6 Rxc6 { Jergovic,A-Oljaca,M  ( 1801 ) /Umag
2005/CBM 105 ext/0-1  ( 47 )}  )14... Ne5 ( 14... Nc7 15. Bg5 Rfe8 16. Rc1 $14
)15. Nxe5 $16 Bxe5 16. Bg5 Ra7 17. Rc1 Qb5 $4 { solves nothing}  ( 17... Ng7 $5
$16)18. Bh6 ( 18. Nxb5 $142 { and White has reached his goal}  18... Rb7 19.
Qa4 Bf6 $18 )18... Ng7 $4 { but even a better move would not have saved the
game}  ( 18... Bxc3 19. Rxc3 Ng7 $18 )19. Rcc2 ( 19. Nxb5 $142 { makes it even
easier for White}  19... Rxa2 20. b4 Raa8 $18 )19... f5 $4 { cause more grief} 
( 19... Qa6 $16 $142)20. Bxg7 ( 20. Nxb5 { seems even better}  20... Rxa2 21.
exf5 Rxf5 $18 )20... Kxg7 ( 20... Bxc3 { doesn't get the bull off the ice}  21.
Bxf8 Bf6 $18 )21. exf5 ( 21. Nxb5 { might be the shorter path}  21... Rb7 22.
f4 Bf6 $18 )21... Rxf5 $4 { sad, but how else could Black save the game?}  (
21... Bxc3 $142 22. bxc3 Rxf5 $18 )22. Kg1 { White king safety improved}  ( 22.
Nxb5 $142 { nails it down}  22... Rxa2 23. Na3 $18 )22... Qb7 23. Rcd2 Qd7 (
23... Rh5 24. h4 $14 )24. h4 ( 24. f4 Bxc3 25. bxc3 Rh5 $18 )24... h6 ( 24...
Qb7 25. f4 Bf6 26. Kh2 $16 )25. Re4 Qe8 ( 25... Rf7 26. f4 Bxc3 27. bxc3 $16
)26. Kg2 ( 26. f4 Bxc3 27. bxc3 Qa8 $18 )26... Qa8 27. Qe2 Qf8 $2 ( 27... Kh8
28. Qe3 Rh5 29. Ne2 $16 )28. Qd3 $4 { White lets it slip away}  ( 28. Nb5 { and
White can already relax}  28... Rxa2 29. f4 Bf6 $18 )28... Ra5 $2 ( 28... Kh8
29. f4 Bg7 30. a3 $18 )29. a3 ( 29. f4 Bd4 30. Rde2 Rf7 $18 )29... Ra8 ( 29...
Kg8 30. f4 Bg7 31. Rde2 $18 )30. Nd1 ( 30. Nb5 Kh8 $18 )30... Rb8 ( 30... Bd4
31. Ne3 Re5 32. Re2 $18 )31. Ree2 ( 31. b4 $5 cxb4 32. axb4 $18 )31... Qf7 $16
32. Ne3 Rf3 ( 32... Rh5 $5 $16)33. Qe4 $18 Rf8 34. Nd1 ( 34. Ng4 $5 Rf5 $18
)34... g5 35. Re3 { White threatens to win material: Re3xf3}  ( 35. Qg4 Rf6 $16
)35... Rf5 36. hxg5 hxg5 37. Re1 ( 37. Ree2 Bxg3 38. Qxe7 Be5 39. Qxf7+ Kxf7
$14 )37... Qf6 $2 ( 37... Bc3 $1 $142 { is noteworthy}  38. Nxc3 Re5 $11 )38.
Ree2 Qh6 ( 38... Qg6 $5 $16 $142)39. Ne3 $18 R5f7 40. Ng4 Qh5 41. Re1 ( 41.
Nxe5 $142 Rh8 42. Kf1 dxe5 43. Rc2 Qh3+ 44. Ke1 Qh1+ 45. Qxh1 Rxh1+ 46. Kd2 $18
)41... Bd4 $4 ( 41... Rf4 $1 $142 { the only rescuing move}  42. gxf4 Qxg4+ 43.
Kf1 Rxf4 $14 )42. Rxd4 ( 42. Rh1 $142 { keeps an even firmer grip}  42... Qg6
43. Rxd4 cxd4 44. Qxd4+ Rf6 45. Re1 $18 )42... Rh8 ( 42... cxd4 { there is
nothing else anyway}  43. Rh1 Qg6 44. Qxd4+ Rf6 $18 )43. Rd2 ( 43. Ra4 $5 {
makes it even easier for White}  43... Qh3+ 44. Kg1 Qh7 $18 )43... Qh3+  1-0